| 000 | 00779cab a2200253 4500 | ||
|---|---|---|---|
| 001 | ABS57872 | ||
| 008 | 090401t1997 xxu||||| |||| 00| 0 eng d | ||
| 035 | _a(Sirsi) u82303 | ||
| 041 | _aeng | ||
| 245 | _aCost model: art galleries and museums | ||
| 260 | _c1997 | ||
| 350 | _a0 | ||
| 490 |
_aBuilding Services Journal _v19(11) November 1997, 17-18(2) |
||
| 520 | _aWith increasing demand for art galleries and museums, a cost model for m&e and public health services installations are outlined. | ||
| 650 | _aART GALLERIES | ||
| 650 |
_aBlock management _96220 |
||
| 650 | _aCOST MODEL | ||
| 650 | _aELECTRICAL SERVICES | ||
| 650 | _aMECHANICAL SERVICES | ||
| 650 | _aMUSEUMS | ||
| 690 | _aBUILT ENVIRONMENT-BUILDING COSTS | ||
| 942 | _n0 | ||
| 948 | _c24/11/1997 | ||
| 999 |
_c51938 _d51938 |
||